Welcome to the Holygrace Academy Library

Please use search bar below to get started

JANE EYRE (Record no. 8408)

MARC details
000 -LEADER
fixed length control field 00621nam a22001577a 4500
020 ## - INTERNATIONAL STANDARD BOOK NUMBER
ISBN 978-93-5276--333-7
082 ## - DEWEY DECIMAL CLASSIFICATION NUMBER
Classification number 823
Item number BRO/J
100 ## - MAIN ENTRY--AUTHOR NAME
Personal name BRONTE,CHARLOTTE
245 ## - TITLE STATEMENT
Title JANE EYRE
246 ## - VARYING FORM OF TITLE
Title proper/short title JANE EYRE
Remainder of title JANE EYRE
260 ## - PUBLICATION, DISTRIBUTION, ETC. (IMPRINT)
Place of publication NOIDA
Name of publisher OM BOOKS
Year of publication 2018
300 ## - PHYSICAL DESCRIPTION
Number of Pages 464
520 ## - SUMMARY, ETC.
Summary, etc The novel follows the story of Jane, a seemingly plain and simple girl as she battles through life's struggles. Jane has many obstacles in her life - her cruel and abusive Aunt Reed, the grim conditions at Lowood school, her love for Rochester and Rochester's marriage to Bertha.
650 ## - SUBJECT ADDED ENTRY--TOPICAL TERM
Topical Term STRUGGLING WITH LIFE
942 ## - ADDED ENTRY ELEMENTS (KOHA)
Koha item type Books

No items available.